Catalog

Record Details

Catalog Search



Available copies

  • 1 of 1 copy available at LARL/NWRL Consortium.
  • 1 of 1 copy available at Lake Agassiz Regional Library. (Show preferred library)

Current holds

0 current holds with 1 total copy.

Show Only Available Copies
Location Call Number / Copy Notes Barcode Shelving Location Status Due Date
Crookston Public Library Y LU (Text) 33500011917853 Main Available -

Record details

  • ISBN: 9780399167836 (hardback)
  • ISBN: 0399167838 (hardback)
  • Physical Description: 355 pages : map ; 22 cm
  • Publisher: New York, NY : G.P. Putnam's Sons, an imprint of Penguin Group (USA), 2014

Content descriptions

Summary, etc.:
"Adelina Amouteru survived the blood fever, a ... Read More
Subject: Supernatural > Fiction.
Ability > Fiction.
Adventure and adventurers > Fiction.
Secret societies > Fiction.
JUVENILE FICTION / Fantasy & Magic.
JUVENILE FICTION / Action & Adventure / General.
Paranormal fiction.
Ability > Juvenile fiction.
Adventure stories.
Secret societies > Juvenile fiction.
Genre: Young adult fiction.
LDR 02376cam a22005298i 4500
001170964
003LARL_NWRL_CONSORTIUM
00520190621130330.0
008140724s2014 nyub d 000 1 eng
010 . ‡a2014025732
019 . ‡a870919339
020 . ‡a9780399167836 (hardback)
020 . ‡a0399167838 (hardback)
035 . ‡a(OCoLC)884631017 ‡z(OCoLC)870919339
040 . ‡aDLC ‡beng ‡erda ‡cDLC ‡dOCLCO ‡dYDXCP ‡dBTCTA ‡dIEP ‡dOCLCO ‡dOCP ‡dOCLCO ‡dZHB
042 . ‡apcc ‡alcac
08200. ‡a[Fic] ‡223
084 . ‡aJUV037000 ‡aJUV001000 ‡2bisacsh
1001 . ‡aLu, Marie, ‡d1984- ‡0(LARL_NWRL_CONSORTIUM)220798
24514. ‡aThe Young Elites. ‡n#1 / ‡cMarie Lu.
260 . ‡aNew York, NY : ‡bG.P. Putnam's Sons, an imprint of Penguin Group (USA), ‡c2014
300 . ‡a355 pages : ‡bmap ; ‡c22 cm
336 . ‡atext ‡2rdacontent
337 . ‡aunmediated ‡2rdamedia
338 . ‡avolume ‡2rdacarrier
4900 . ‡aYoung Elites ; ‡v1
520 . ‡a"Adelina Amouteru survived the blood fever, a deadly illness that killed many, but left others with strange markings and supernatural powers. Cast out by her family, Adelina joins the secret society of the Young Elites and discovers her own dangerous abilities"-- ‡cProvided by publisher.
650 1. ‡aSupernatural ‡vFiction. ‡0(LARL_NWRL_CONSORTIUM)167353
650 1. ‡aAbility ‡vFiction.
650 1. ‡aAdventure and adventurers ‡vFiction. ‡0(LARL_NWRL_CONSORTIUM)175858
650 1. ‡aSecret societies ‡vFiction. ‡0(LARL_NWRL_CONSORTIUM)167312
650 7. ‡aJUVENILE FICTION / Fantasy & Magic. ‡2bisacsh
650 7. ‡aJUVENILE FICTION / Action & Adventure / General. ‡2bisacsh
650 0. ‡aParanormal fiction.
650 0. ‡aAbility ‡vJuvenile fiction.
650 0. ‡aAdventure stories. ‡0(LARL_NWRL_CONSORTIUM)12829
650 0. ‡aSecret societies ‡vJuvenile fiction.
655 0. ‡aYoung adult fiction.
901 . ‡a170964 ‡bOCLC ‡c170964 ‡tbiblio

Additional Resources